[Event "POL-chT 2nd League"]
[Site "Wysowa"]
[Date "2007.09.10"]
[Round "8"]
[White "Baran, Pawel"]
[Black "Sliwerski, Radoslaw"]
[Result "1-0"]
[WhiteElo "2105"]
[BlackElo "2139"]
[PlyCount "67"]
[EventDate "2007.09.03"]
[EventType "team-swiss"]
[EventRounds "9"]
[EventCountry "POL"]
[SourceTitle "EXT 2010"]
[Source "ChessBase"]
[SourceDate "2010.11.25"]
[SourceVersion "1"]
[SourceVersionDate "2010.11.25"]
[SourceQuality "1"]
[WhiteTeam "Koszalin Hetman Politechnika"]
[BlackTeam "Miedzyborow Wrzos"]
[WhiteTeamCountry "POL"]
[BlackTeamCountry "POL"]

1. e4 c5 2. Nf3 d6 3. d4 cxd4 4. Nxd4 Nf6 5. Nc3 a6 6. Bg5 e6 7. f4 Be7 8. Qf3 Qc7 9. 0-0-0 Nbd7 10. g4 b5 11. Bxf6 Nxf6 12. g5 Nd7 13. f5 Bxg5+ 14. Kb1 Ne5 15. Qh5 Qd8 16. h4 Bf6 17. fxe6 0-0 18. Bh3 g6 19. Qe2 Kh8 20. Nd5 fxe6 21. Bxe6 Ra7 22. h5 g5 23. Rdf1 Bb7 24. Rf5 h6 25. Rhf1 Bg7 26. Qf2 Ra8 27. Rxf8+ Qxf8 28. Qg1 Qd8 29. Nf5 Bxd5 30. Bxd5 Rb8 31. Nxg7 Kxg7 32. Qa7+ Kh8 33. Rf6 Ng4 34. Rf7 1-0

[Event "POL-chT 2nd League"]
[Site "Wysowa"]
[Date "2007.09.09"]
[Round "7"]
[White "Swicarz, Maciej"]
[Black "Baran, Pawel"]
[Result "1-0"]
[WhiteElo "2316"]
[BlackElo "2105"]
[PlyCount "53"]
[EventDate "2007.09.03"]
[EventType "team-swiss"]
[EventRounds "9"]
[EventCountry "POL"]
[SourceTitle "EXT 2010"]
[Source "ChessBase"]
[SourceDate "2010.11.25"]
[SourceVersion "1"]
[SourceVersionDate "2010.11.25"]
[SourceQuality "1"]
[WhiteTeam "Wroclaw AZS WSB"]
[BlackTeam "Koszalin Hetman Politechnika"]
[WhiteTeamCountry "POL"]
[BlackTeamCountry "POL"]

1. e4 c5 2. Nc3 g6 3. f4 Bg7 4. Nf3 a6 5. Bc4 e6 6. d4 Qa5 7. e5 d5 8. Be2 Ne7 9. Bd2 Qc7 10. dxc5 Qxc5 11. Na4 Qc6 12. b3 b5 13. Nb2 0-0 14. 0-0 Qb6+ 15. Kh1 Nbc6 16. Qe1 Bb7 17. Nd3 Rac8 18. Rc1 Nf5 19. Rg1 Rfd8 20. h3 Ncd4 21. Nxd4 Qxd4 22. Bf3 Bf8 23. g4 Ba3 24. gxf5 Bxc1 25. Qxc1 exf5 26. Ne1 Rc7 27. Ba5 1-0

[Event "POL-chT 2nd League"]
[Site "Wysowa"]
[Date "2007.09.03"]
[Round "1"]
[White "Baran, Pawel"]
[Black "Janiszewski, Maciej"]
[Result "1-0"]
[WhiteElo "2105"]
[BlackElo "2083"]
[PlyCount "59"]
[EventDate "2007.09.03"]
[EventType "team-swiss"]
[EventRounds "9"]
[EventCountry "POL"]
[SourceTitle "EXT 2010"]
[Source "ChessBase"]
[SourceDate "2010.11.25"]
[SourceVersion "1"]
[SourceVersionDate "2010.11.25"]
[SourceQuality "1"]
[WhiteTeam "Koszalin Hetman Politechnika"]
[BlackTeam "Szopienice HetMaN"]
[WhiteTeamCountry "POL"]
[BlackTeamCountry "POL"]

1. e4 c5 2. Nf3 g6 3. d4 cxd4 4. Nxd4 Bg7 5. Nc3 Nc6 6. Be3 Nf6 7. Bc4 Qa5 8. Nb3 Qb4 9. Nd2 Ng4 10. Qxg4 Qxb2 11. 0-0 Qxc3 12. Bb3 0-0 13. Qg3 Nd4 14. Rae1 Nxc2 15. Rc1 Nd4 16. Bxd4 Qxg3 17. hxg3 Bxd4 18. Nf3 Bb6 19. Rfd1 d6 20. e5 Bc5 21. Ng5 Bg4 22. Rd2 Rac8 23. Rc4 Bd7 24. Rh4 Bb5 25. Rxh7 Be8 26. Rd3 Rc7 27. g4 dxe5 28. Rdh3 e6 29. Ne4 g5 30. Nf6# 1-0

[Event "Kochan Memorial op-B 18th"]
[Site "Koszalin"]
[Date "2007.08.13"]
[Round "9"]
[White "Sochacki, Christophe"]
[Black "Baran, Pawel"]
[Result "1-0"]
[WhiteElo "2044"]
[BlackElo "2105"]
[PlyCount "57"]
[EventDate "2007.08.05"]
[EventType "swiss"]
[EventRounds "9"]
[EventCountry "POL"]
[SourceTitle "EXT 2011"]
[Source "ChessBase"]
[SourceDate "2010.11.26"]
[SourceVersion "1"]
[SourceVersionDate "2010.11.26"]
[SourceQuality "1"]

1. e4 c5 2. Nf3 d6 3. d4 cxd4 4. Nxd4 Nf6 5. Nc3 g6 6. f4 Bg7 7. e5 Nfd7 8. e6 Nf6 9. Bb5+ Kf8 10. exf7 Kxf7 11. Nf3 Rf8 12. Bc4+ e6 13. Be3 Kg8 14. Qe2 Nc6 15. Nd4 d5 16. Bb5 Nxd4 17. Bxd4 Nh5 18. Bxg7 Nxf4 19. Qd2 Kxg7 20. 0-0-0 a6 21. Be2 Qa5 22. Qd4+ Kg8 23. Kb1 Bd7 24. Bf3 Rac8 25. g3 Rc4 26. Qe5 Nh3 27. Nxd5 Rc5 28. Nf6+ Kh8 29. Rxd7 1-0

[Event "Kochan Memorial op-B 18th"]
[Site "Koszalin"]
[Date "2007.08.06"]
[Round "2"]
[White "Wierzbicka, Wiktoria"]
[Black "Baran, Pawel"]
[Result "1-0"]
[WhiteElo "1987"]
[BlackElo "2105"]
[PlyCount "53"]
[EventDate "2007.08.05"]
[EventType "swiss"]
[EventRounds "9"]
[EventCountry "POL"]
[SourceTitle "EXT 2011"]
[Source "ChessBase"]
[SourceDate "2010.11.26"]
[SourceVersion "1"]
[SourceVersionDate "2010.11.26"]
[SourceQuality "1"]

1. e4 c5 2. Nf3 d6 3. d4 cxd4 4. Nxd4 Nf6 5. Nc3 g6 6. Be3 Bg7 7. f3 0-0 8. Qd2 Nc6 9. 0-0-0 Nxd4 10. Bxd4 Be6 11. Kb1 Qc7 12. h4 Rfc8 13. h5 Qa5 14. a3 Rab8 15. hxg6 hxg6 16. Bd3 Bc4 17. Rh2 Bxd3 18. cxd3 b5 19. Rdh1 e5 20. Be3 b4 21. Na2 Qa4 22. Nxb4 a5 23. Bh6 Bh8 24. Bf8 Nh5 25. Rxh5 Bf6 26. Qh6 axb4 27. Qh8+ 1-0

[Event "POL-chT 2nd League"]
[Site "Lublin"]
[Date "2006.09.05"]
[Round "4.35"]
[White "Baran, Pawel"]
[Black "Milanowski, Jan"]
[Result "1/2-1/2"]
[WhiteElo "2061"]
[BlackElo "2082"]
[PlyCount "59"]
[EventDate "2006.09.02"]
[EventType "team-swiss"]
[EventRounds "9"]
[EventCountry "POL"]
[SourceTitle "EXT 2019"]
[Source "ChessBase"]
[SourceDate "2018.10.10"]
[SourceVersion "1"]
[SourceVersionDate "2018.10.10"]
[SourceQuality "1"]
[WhiteTeam "Koszalin Hetman Politechnika"]
[BlackTeam "Pniowek 74"]
[WhiteTeamCountry "POL"]
[BlackTeamCountry "POL"]

1. e4 d6 2. d4 Nf6 3. Nc3 c6 4. Nf3 Qc7 5. e5 Nd5 6. exd6 Qxd6 7. Ne4 Qc7 8. Ne5 Nd7 9. c4 Nxe5 10. cxd5 cxd5 11. dxe5 dxe4 12. Qa4+ Bd7 13. Qxe4 Bc6 14. Qe3 e6 15. Bd2 b6 16. Rc1 Qb7 17. Bd3 Be7 18. Qg3 g6 19. 0-0 0-0 20. h4 Rfd8 21. Rc3 Be4 22. Bxe4 Qxe4 23. Bg5 Bxg5 24. Qxg5 Qf5 25. Rfc1 Qxg5 26. hxg5 Rd5 27. f4 Rad8 28. R1c2 Rd4 29. g3 Kg7 30. a3 1/2-1/2

[Event "POL-chT 2nd League"]
[Site "Lublin"]
[Date "2006.09.04"]
[Round "3.76"]
[White "Baran, Pawel"]
[Black "Malczyk, Rafal"]
[Result "1-0"]
[WhiteElo "2061"]
[BlackElo "2054"]
[PlyCount "61"]
[EventDate "2006.09.02"]
[EventType "team-swiss"]
[EventRounds "9"]
[EventCountry "POL"]
[SourceTitle "EXT 2019"]
[Source "ChessBase"]
[SourceDate "2018.10.10"]
[SourceVersion "1"]
[SourceVersionDate "2018.10.10"]
[SourceQuality "1"]
[WhiteTeam "Koszalin Hetman Politechnika"]
[BlackTeam "Olsztyn AZS UWM"]
[WhiteTeamCountry "POL"]
[BlackTeamCountry "POL"]

1. e4 d6 2. Nc3 Nc6 3. Bc4 Nf6 4. d3 g6 5. Bg5 Bg7 6. Qd2 h6 7. Bh4 Na5 8. Bb3 0-0 9. Nge2 Nxb3 10. axb3 c6 11. f4 e5 12. f5 Kh7 13. 0-0 g5 14. Bf2 d5 15. Ng3 dxe4 16. Bc5 Re8 17. Ncxe4 b6 18. Be3 Nd5 19. f6 Nxf6 20. Nxf6+ Bxf6 21. Ne4 Re6 22. Qf2 Bg7 23. Bxb6 Qe8 24. Qxf7 Qxf7 25. Rxf7 a6 26. Raf1 Kg6 27. Rc7 Rb8 28. Rff7 Bf6 29. Ba7 Ra8 30. g4 c5 31. Nxf6 1-0

[Event "Kochan Memorial op-B 16th"]
[Site "Koszalin"]
[Date "2005.08.??"]
[Round "8"]
[White "Baran, Pawel"]
[Black "Efinowicz, Michal"]
[Result "1-0"]
[WhiteElo "2094"]
[BlackElo "2061"]
[PlyCount "79"]
[EventDate "2005.08.??"]
[EventType "swiss"]
[EventRounds "10"]
[EventCountry "POL"]
[SourceTitle "EXT 2006"]
[Source "ChessBase"]
[SourceDate "2005.11.24"]
[SourceVersion "1"]
[SourceVersionDate "2005.11.24"]
[SourceQuality "1"]

1. e4 d6 2. Nc3 Nf6 3. f4 e5 4. Nf3 Bg4 5. Be2 Bxf3 6. Bxf3 Nc6 7. d3 g6 8. 0-0 Bg7 9. g3 Qd7 10. Bg2 h5 11. f5 gxf5 12. Bh3 Nd4 13. Ne2 Qa4 14. b3 Qb4 15. c3 Nxe2+ 16. Qxe2 Qxc3 17. Bb2 Qc5+ 18. d4 exd4 19. exf5+ Kf8 20. Qd3 Nd5 21. Rac1 Nc3 22. f6 Bh6 23. Rf5 Qb6 24. Re1 Re8 25. Rxe8+ Kxe8 26. Rxh5 Kf8 27. Qd2 Ne2+ 28. Kf1 d3 29. Qxd3 Qg1+ 30. Kxe2 Qxh2+ 31. Kf3 Qxb2 32. Qf5 Qc3+ 33. Kg2 Qc6+ 34. Kh2 Qe8 35. Qg5 Qe2+ 36. Bg2 Qe5 37. Qh4 Qe3 38. Qh3 Kg8 39. Qg4+ Bg5 40. Qc8+ 1-0

[Event "Krakow op-B"]
[Site "Krakow"]
[Date "2003.12.31"]
[Round "6"]
[White "Baran, Pawel"]
[Black "Kusnetsov, Sergey"]
[Result "0-1"]
[WhiteElo "2089"]
[BlackElo "2096"]
[PlyCount "70"]
[EventDate "2003.12.27"]
[EventType "swiss"]
[EventRounds "9"]
[EventCountry "POL"]
[SourceTitle "EXT 2006"]
[Source "ChessBase"]
[SourceDate "2005.11.24"]
[SourceVersion "1"]
[SourceVersionDate "2005.11.24"]
[SourceQuality "1"]

1. e4 d6 2. d4 Nf6 3. Nc3 g6 4. f4 Bg7 5. Nf3 0-0 6. Bc4 c6 7. a4 d5 8. Bd3 dxe4 9. Nxe4 Nxe4 10. Bxe4 Nd7 11. 0-0 Nf6 12. Bd3 Nd5 13. Qe1 Qd6 14. c3 Nxf4 15. Bxf4 Qxf4 16. Qxe7 Bf6 17. Qe1 Qd6 18. Kh1 Be6 19. Nd2 Bg7 20. Qh4 Qd8 21. Qf4 c5 22. Nf3 cxd4 23. Nxd4 Bxd4 24. cxd4 Rc8 25. Rfc1 Qb6 26. Bb5 Rxc1+ 27. Rxc1 Rd8 28. Rc5 a6 29. b4 axb5 30. a5 Qd6 31. Qxd6 Rxd6 32. Rxb5 Rxd4 33. h3 Bd5 34. Rb6 Rd2 35. b5 Rb2 0-1

[Event "Krakow op-B"]
[Site "Krakow"]
[Date "2003.12.27"]
[Round "1"]
[White "Demidowicz, Maria"]
[Black "Baran, Pawel"]
[Result "0-1"]
[WhiteElo "1800"]
[BlackElo "2089"]
[PlyCount "74"]
[EventDate "2003.12.27"]
[EventType "swiss"]
[EventRounds "9"]
[EventCountry "POL"]
[SourceTitle "EXT 2006"]
[Source "ChessBase"]
[SourceDate "2005.11.24"]
[SourceVersion "1"]
[SourceVersionDate "2005.11.24"]
[SourceQuality "1"]

1. e4 c5 2. Nf3 Nc6 3. d4 cxd4 4. Nxd4 g6 5. Nc3 Bg7 6. Be3 Nf6 7. f3 0-0 8. Bc4 Qb6 9. Nce2 Qb4+ 10. Qd2 Qxc4 11. c3 d6 12. h4 Bd7 13. Bh6 Ne5 14. Bxg7 Nd3+ 15. Kf1 Kxg7 16. b3 Qa6 17. g4 e5 18. Nc2 Nf4 19. Re1 h5 20. Nb4 Qb5 21. a4 Qb6 22. Nxf4 exf4 23. e5 dxe5 24. g5 Rad8 25. gxf6+ Qxf6 26. Qe2 Rfe8 27. Qe4 a5 28. Nd3 Bf5 29. Qxb7 Rxd3 30. Qb5 Rxf3+ 31. Kg2 Rg3+ 32. Kf2 Qe6 33. Qxa5 e4 34. c4 e3+ 35. Ke2 Bg4+ 36. Kf1 e2+ 37. Kf2 Qe3# 0-1

[Event "POL-ch U16"]
[Site "Krynica"]
[Date "2003.??.??"]
[Round "3"]
[White "Baran, Pawel"]
[Black "Szumilas, Pawel"]
[Result "0-1"]
[WhiteElo "2085"]
[BlackElo "2000"]
[PlyCount "54"]
[EventDate "2003.??.??"]
[EventType "swiss"]
[EventRounds "11"]
[EventCountry "POL"]
[SourceTitle "EXT 2007"]
[Source "ChessBase"]
[SourceDate "2006.11.23"]
[SourceVersion "1"]
[SourceVersionDate "2006.11.23"]
[SourceQuality "1"]

1. d4 Nf6 2. Nf3 g6 3. Nc3 d5 4. Bf4 Bg7 5. Qd2 0-0 6. Bh6 c6 7. Bxg7 Kxg7 8. Ne5 Nbd7 9. h4 Qc7 10. f4 b5 11. a3 Nb6 12. b3 a5 13. e3 b4 14. axb4 axb4 15. Na2 Ne4 16. Qxb4 f6 17. Nd3 e5 18. Be2 exd4 19. exd4 Ng3 20. Rg1 Re8 21. Qd2 Rxe2+ 22. Qxe2 Nxe2 23. Kxe2 Bf5 24. Nab4 Bxd3+ 25. Nxd3 Qe7+ 26. Kd2 Rxa1 27. Rxa1 Qe4 0-1

[Event "POL-ch U16"]
[Site "Krynica"]
[Date "2003.??.??"]
[Round "8"]
[White "Baran, Pawel"]
[Black "Zwierzynski, Pawel"]
[Result "1/2-1/2"]
[WhiteElo "2085"]
[BlackElo "2015"]
[PlyCount "65"]
[EventDate "2003.??.??"]
[EventType "swiss"]
[EventRounds "11"]
[EventCountry "POL"]
[SourceTitle "EXT 2007"]
[Source "ChessBase"]
[SourceDate "2006.11.23"]
[SourceVersion "1"]
[SourceVersionDate "2006.11.23"]
[SourceQuality "1"]

1. e4 c5 2. Nf3 e6 3. d4 cxd4 4. Nxd4 Nf6 5. Nc3 Nc6 6. Ndb5 Bb4 7. a3 Bxc3+ 8. Nxc3 d5 9. exd5 exd5 10. Bg5 d4 11. Bxf6 Qxf6 12. Nd5 Qd6 13. c4 Be6 14. Be2 Bxd5 15. cxd5 Qxd5 16. 0-0 0-0 17. Qd2 Rfd8 18. Rfd1 Rac8 19. Rac1 h6 20. Qf4 Qd6 21. Qd2 Rc7 22. Qc2 Rcd7 23. Bg4 Re7 24. Bf5 g6 25. Bd3 Ne5 26. h3 Nxd3 27. Rxd3 Rde8 28. Qd1 Qf4 29. g3 Qf6 30. Kg2 Re2 31. Rf3 Qb6 32. Rc2 Re1 33. Qd3 1/2-1/2

[Event "POL-ch U16"]
[Site "Krynica"]
[Date "2003.??.??"]
[Round "4"]
[White "Gomulka, Jaroslaw"]
[Black "Baran, Pawel"]
[Result "1/2-1/2"]
[WhiteElo "2105"]
[BlackElo "2085"]
[PlyCount "49"]
[EventDate "2003.??.??"]
[EventType "swiss"]
[EventRounds "11"]
[EventCountry "POL"]
[SourceTitle "EXT 2007"]
[Source "ChessBase"]
[SourceDate "2006.11.23"]
[SourceVersion "1"]
[SourceVersionDate "2006.11.23"]
[SourceQuality "1"]

1. e4 c5 2. Nf3 d6 3. d4 cxd4 4. Nxd4 Nf6 5. Nc3 g6 6. Be3 Bg7 7. f3 0-0 8. Qd2 Nc6 9. 0-0-0 Nxd4 10. Bxd4 Be6 11. Kb1 Qc7 12. h4 Rfc8 13. h5 Qa5 14. a3 Rab8 15. hxg6 hxg6 16. Bd3 Bc4 17. Bxc4 Rxc4 18. Bxf6 Bxf6 19. Nd5 Qxd2 20. Nxf6+ Kg7 21. Nh5+ gxh5 22. Rxd2 Kg6 23. Rd5 Rh8 24. c3 Rc5 25. Kc2 1/2-1/2

[Event "POL-ch U16"]
[Site "Krynica"]
[Date "2003.??.??"]
[Round "10"]
[White "Maciejczak, Jakub"]
[Black "Baran, Pawel"]
[Result "1/2-1/2"]
[WhiteElo "1800"]
[BlackElo "2085"]
[PlyCount "116"]
[EventDate "2003.??.??"]
[EventType "swiss"]
[EventRounds "11"]
[EventCountry "POL"]
[SourceTitle "EXT 2007"]
[Source "ChessBase"]
[SourceDate "2006.11.23"]
[SourceVersion "1"]
[SourceVersionDate "2006.11.23"]
[SourceQuality "1"]

1. Nf3 c5 2. g3 Nc6 3. Bg2 g6 4. c4 Bg7 5. 0-0 Nf6 6. d3 0-0 7. Nc3 d6 8. e4 Nd4 9. Nxd4 cxd4 10. Ne2 e5 11. f4 Qb6 12. h3 h5 13. b3 Bd7 14. Kh2 Rac8 15. Bd2 Rfe8 16. b4 a6 17. a4 Qc7 18. b5 a5 19. Ng1 b6 20. Ra2 Re7 21. Bc1 Be8 22. fxe5 dxe5 23. Ba3 Re6 24. Raf2 Nd7 25. h4 Rf6 26. Bh3 Rxf2+ 27. Rxf2 Rb8 28. Nf3 Nc5 29. Ng5 Rb7 30. Bxc5 Qxc5 31. Qf1 Qd6 32. Kg2 Re7 33. Nf3 Bd7 34. Bxd7 Rxd7 35. Qd1 f6 36. Qb3 Qc5 37. Re2 Bf8 38. Rf2 Rf7 39. Qd1 Bh6 40. Rf1 Qa3 41. Ne1 Be3 42. Nc2 Qa2 43. Kh1 Bh6 44. Ne1 Kg7 45. Qc2 Qa1 46. Kg2 Qa3 47. Nf3 Qc5 48. Qe2 Qe7 49. Kg1 Be3+ 50. Kg2 Qe6 51. Ne1 Kh7 52. Qf3 Kg7 53. Nc2 Bh6 54. Ne1 Qd6 55. Nc2 Qe7 56. Rf2 Qd6 57. Rf1 Qd7 58. Ne1 Qd6 1/2-1/2

[Event "Kochan Memorial op"]
[Site "Koszalin"]
[Date "2001.08.14"]
[Round "10"]
[White "Olenderek, Tomasz"]
[Black "Baran, Pawel"]
[Result "1-0"]
[WhiteElo "2226"]
[BlackElo "2099"]
[PlyCount "59"]
[EventDate "2001.08.03"]
[EventType "swiss"]
[EventRounds "10"]
[EventCountry "POL"]
[SourceTitle "EXT 2002"]
[Source "ChessBase"]
[SourceDate "2001.11.25"]
[SourceVersion "1"]
[SourceVersionDate "2001.11.25"]
[SourceQuality "1"]

1. d4 d5 2. Nf3 Nf6 3. c4 c6 4. Qc2 g6 5. Bf4 Bf5 6. Qb3 Qc8 7. e3 Bg7 8. Nc3 dxc4 9. Bxc4 0-0 10. Rc1 Nbd7 11. Ng5 e6 12. e4 Bg4 13. h3 h6 14. Nxf7 Rxf7 15. hxg4 Nf8 16. Bxh6 Bxh6 17. Rxh6 Nxg4 18. Rh4 Nxf2 19. Ne2 Qd8 20. Qg3 b5 21. Bxe6 Nxe6 22. Qxg6+ Ng7 23. Qh7+ Kf8 24. Rxc6 Ke7 25. Qg6 Qd7 26. Qg5+ Ke8 27. Rh8+ Rf8 28. Qg6+ Qf7 29. Rxf8+ Kxf8 30. Rf6 1-0

[Event "Kochan Memorial op"]
[Site "Koszalin"]
[Date "2001.08.06"]
[Round "3"]
[White "Czakon, Jakub"]
[Black "Baran, Pawel"]
[Result "1-0"]
[WhiteElo "2118"]
[BlackElo "2099"]
[PlyCount "61"]
[EventDate "2001.08.03"]
[EventType "swiss"]
[EventRounds "10"]
[EventCountry "POL"]
[SourceTitle "EXT 2002"]
[Source "ChessBase"]
[SourceDate "2001.11.25"]
[SourceVersion "1"]
[SourceVersionDate "2001.11.25"]
[SourceQuality "1"]

1. e4 c5 2. Nc3 Nc6 3. Bb5 Nd4 4. Bc4 e6 5. Nge2 g6 6. Nxd4 cxd4 7. Nb5 Bg7 8. Nd6+ Ke7 9. Nxc8+ Rxc8 10. d3 Nf6 11. Bb3 Qc7 12. 0-0 Rhd8 13. f4 d5 14. e5 Nd7 15. Qe1 Kf8 16. Qh4 Kg8 17. Rf3 a5 18. Rh3 Nf8 19. a4 Qb6 20. Bd2 Rc6 21. Rf1 Rdc8 22. Qe1 Rc5 23. g4 Qc7 24. Qf2 Qb6 25. Qxd4 Nd7 26. Qf2 Qd8 27. d4 R5c6 28. f5 Qe8 29. f6 Bh8 30. Qh4 Nf8 31. Bh6 1-0

[Event "Kochan Memorial op"]
[Site "Koszalin"]
[Date "2001.08.04"]
[Round "1"]
[White "Myc, Marcin"]
[Black "Baran, Pawel"]
[Result "1-0"]
[WhiteElo "2305"]
[BlackElo "2099"]
[PlyCount "55"]
[EventDate "2001.08.03"]
[EventType "swiss"]
[EventRounds "10"]
[EventCountry "POL"]
[SourceTitle "EXT 2002"]
[Source "ChessBase"]
[SourceDate "2001.11.25"]
[SourceVersion "1"]
[SourceVersionDate "2001.11.25"]
[SourceQuality "1"]

1. Nf3 Nf6 2. c4 c5 3. Nc3 Nc6 4. g3 g6 5. Bg2 Bg7 6. d4 cxd4 7. Nxd4 0-0 8. 0-0 Nxd4 9. Qxd4 d6 10. Qd2 Qc7 11. b3 Be6 12. Bb2 Rac8 13. Rac1 Qd7 14. Rfe1 a6 15. e4 Bh3 16. Bh1 e6 17. Ne2 Nh5 18. Bxg7 Kxg7 19. e5 Rfd8 20. exd6 b6 21. Red1 Nf6 22. Qd4 Qa7 23. Nc3 Bf5 24. g4 e5 25. Qxe5 Re8 26. Qd4 Bxg4 27. Nd5 Bxd1 28. Qxf6+ 1-0